| 000 | 00854nam0a22002651 4500 | ||
|---|---|---|---|
| 001 | rc\275380 | ||
| 005 | 20030307120155.8 | ||
| 010 |
_a5-7705-0327-0 _914000 |
||
| 035 | _a(NLR Aleph) 005492639 | ||
| 090 |
_a5223614 _c5223614 |
||
| 100 | _a20030307d1990 u |0rusy50 ca | ||
| 101 | 0 | _arus | |
| 102 | _aRU | ||
| 105 | _aa ||||||||| | ||
| 200 | 1 |
_aЗащита от вибрации и шума в строительстве _eСправочник |
|
| 210 |
_aКиев _cБудивэльнык _d1990 |
||
| 215 |
_a181, [2] с. _cил. _d22 |
||
| 320 | _aБиблиогр.: с. 181-182 | ||
| 700 | 1 |
_aНовак _bС. М. _gСемен Михайлович |
|
| 701 | 1 |
_aЛогвинец _bА. С. _gАлександр Степанович |
|
| 801 | 0 |
_aRU _bNLR _gpsbo |
|
| 801 | 1 |
_aRU _bELAR _2rusmarc |
|
| 852 |
_aNLR _j90-5/1818 |
||
| 942 | _cBOOK | ||
| 980 | _aNB | ||